000 00472nam a2200181Ia 4500
005 20250508155339.0
008 008 250505s9999 xx 000 0 eng d
037 _aTextual
040 _aFEDL
_beng
_cFEDL
041 _aeng
_2eng
084 _a820, COW
_qFEDL
100 _aCowley Malcolm
245 0 _aPartable faulkner
260 _aNew York, USA
_bThe Viking Press
_c1954
300 _a756p.
942 _cTEXL
_h820, COW
999 _c1356225
_d1356225